| 000 | 00597nam a2200181 i 4500 | ||
|---|---|---|---|
| 001 | 62901 | ||
| 003 | ES-MaACL | ||
| 005 | 20230906164741.0 | ||
| 007 | t| | ||
| 008 | 031126s1903 sp ||||1| spa d | ||
| 080 | _a341.63 | ||
| 100 | 1 |
_aFernández de Córdoba y Morales, Gonzalo. _949655 |
|
| 245 | 1 | 3 |
_aLa solución jurídica de los conflictos internacionales / _cGonzalo Fernández de Córdoba y Morales. |
| 260 |
_aMadrid : _b[s.n.], _c1903 ( _fImp. de la Revista de Legislación) |
||
| 300 |
_a48 p. ; _c21 cm. |
||
| 650 | 0 | 4 |
_aArbitraje internacional. _99934 |
| 852 |
_aES-MaACL _jT-1031-F-5 |
||
| 999 |
_c62901 _d62901 |
||